Southville International School and Colleges
Your cart is empty.
  • Cart
  • Lists
    Public lists Eva Luna New books Lux_list list_1
    Your lists Log in to create your own lists
  • Log in to your account
  • Your cookies
  • Search history
Southville International School and Colleges
  • Advanced search
  • Recent comments
  • Most popular
  • Libraries

Log in to your account

Log in with GOOGLE


If you do not have an external account, but do have a local account, you can still log in:

  1. Home
  2. MARC view: Handwriting problems in the secondary school /
Normal view MARC view ISBD view

Handwriting problems in the secondary school / (Record no. 23093)

[ view plain ]
MARC details
000 -LEADER
fixed length control field 00553nam a2200181 a 4500
005 - DATE AND TIME OF LATEST TRANSACTION
control field 20140310183441.0
008 - FIXED-LENGTH DATA ELEMENTS--GENERAL INFORMATION
fixed length control field 080508s19uu xx 00 eng d
020 ## - INTERNATIONAL STANDARD BOOK NUMBER
International Standard Book Number 1412928893
050 ## - LIBRARY OF CONGRESS CALL NUMBER
Classification number LB 1590
Item number .Sa258 2006
100 ## - MAIN ENTRY--PERSONAL NAME
Personal name Sassoon, Rosemary
245 ## - TITLE STATEMENT
Title Handwriting problems in the secondary school /
Statement of responsibility, etc Rosemary Sassoon
260 ## - PUBLICATION, DISTRIBUTION, ETC. (IMPRINT)
Place of publication, distribution, etc London :
Name of publisher, distributor, etc Paul Chapman Publishing,
Date of publication, distribution, etc 2006.
300 ## - PHYSICAL DESCRIPTION
Extent 81 p. :
Other physical details ill. ;
Dimensions 31 cm.
650 ## - SUBJECT ADDED ENTRY--TOPICAL TERM
Topical term or geographic name as entry element Penmanship.
650 ## - SUBJECT ADDED ENTRY--TOPICAL TERM
Topical term or geographic name as entry element Penmanship
General subdivision Study and teaching (Secondary).
942 ## - ADDED ENTRY ELEMENTS (KOHA)
Koha item type Books
Source of classification or shelving scheme Library of Congress Classification
Call number prefix Foreign
Holdings
Withdrawn status Lost status Source of classification or shelving scheme Damaged status Home library Current library Shelving location Date acquired Source of acquisition Cost, normal purchase price Total Checkouts Full call number Barcode Date last seen Copy number Price effective from Koha item type
    Library of Congress Classification   College Library College Library General Circulation Section 05/08/2008 Donation 2970.00   LB 1590 .Sa258 2006 C9378 05/15/2018 1 10/18/2013 Books

Handwriting problems in the secondary school /

APA

Sassoon R., . (2006). Handwriting problems in the secondary school. London: Paul Chapman Publishing.

Chicago

Sassoon Rosemary, . 2006. Handwriting problems in the secondary school. London: Paul Chapman Publishing.

Harvard

Sassoon R., . (2006). Handwriting problems in the secondary school. London: Paul Chapman Publishing.

MLA

Sassoon Rosemary, . Handwriting problems in the secondary school. London: Paul Chapman Publishing. 2006.

  • Place hold
  • Print
  • Cite
  • Add to your cart (remove)
  • Save record
    BIBTEX Dublin Core MARCXML MARC (non-Unicode/MARC-8) MARC (Unicode/UTF-8) MARC (Unicode/UTF-8, Standard) MODS (XML) RIS
  • More searches
    Search for this title in:
    Other Libraries (WorldCat) Other Databases (Google Scholar) Online Stores (Bookfinder.com) Open Library (openlibrary.org)

Exporting to Dublin Core...

SOUTHVILLE LIBRARY

Southville International School and Colleges Library

1281 Tropical Ave. Cor. Luxembourg St., BF Homes International, Las Pinas City

Tel. No. 8256374 / 252358 Loc. 117/146

Powered by Koha